Gothic 2 Handwerksmeister - Statistiken

Allgemein
  • Dieses Quiz wurde 39 mal gespielt
  • Das Durchschnittsergebnis liegt bei 4 aus 5
Antwortstatistiken
Handwerk Meister % Korrekt
Bogner Bosper
90%
Alchemist Constantino
77%
Händler Matteo
77%
Schmied Harad
67%
Tischler Torben
67%
Keine übereinstimmenden Quizze gefunden
Verteilung der Resultate
Anzahl Personen mit jedem Resultat
Perzentil nach korrekt beantworteten Fragen
Ihre Resultats-Entwicklung
Sie haben dieses Quiz noch nicht gespielt